| 000 | 01513nam a2200409 c 4500 | ||
|---|---|---|---|
| 001 | 24484 | ||
| 003 | ES-MaCES | ||
| 005 | 20141221122919.0 | ||
| 008 | 120604s2008 sp d t o000 | ara d | ||
| 017 |
_aM 47960-2008 _bDL |
||
| 035 | _aCES20120003980m | ||
| 040 |
_aES-MaCES _bspa _cES-MaCES |
||
| 245 | 0 | 0 |
_aEconomía, trabajo y sociedad _b: memoria sobre la situación socioeconómica y laboral : España 2007 : edición árabe resumida _c[Consejo Económico y Social] |
| 250 | _a1ª ed | ||
| 260 |
_aMadrid _bCES _c2008 |
||
| 300 |
_a137 p. _c24 cm |
||
| 490 | 1 | _aColección Memorias (Consejo Económico y Social) | |
| 500 | _aMemoria aprobada en la sesión ordinaria del Pleno del Consejo Económico y Social celebrada el 28 de mayo de 2008 | ||
| 500 | _aTexto en árabe, irreproducible por el centro catalogador | ||
| 541 | _cGratuito | ||
| 650 | 4 |
_aeconomía _926781 |
|
| 650 | 4 |
_acondiciones económicas _927081 |
|
| 650 | 4 |
_atrabajo _928289 |
|
| 650 | 4 |
_acondiciones de trabajo _928327 |
|
| 650 | 4 |
_asociedad _927269 |
|
| 650 | 4 |
_acondiciones sociales _930469 |
|
| 650 | 4 |
_acondiciones de vida _927111 |
|
| 650 | 4 |
_aEspaña _926964 |
|
| 650 | 4 |
_a2007 _931880 |
|
| 650 | 4 |
_ainforme _928986 |
|
| 653 | 1 | 0 | _aCondiciones económicas |
| 710 | 2 |
_aConsejo Económico y Social (España) _92408 |
|
| 830 | 0 |
_aColección Memorias (Consejo Económico y Social (España)) _932359 |
|
| 902 | _aDOC Literatura gris | ||
| 942 |
_2CES _cBK _h0.0. |
||
| 999 |
_c24484 _d24484 |
||